000 00430nam a2200169 a 4500
001 0000-9202
003 ELIB.Books
008 110520 2004
035 _a(ELIB.Books)0000-9354
082 _a230
_bWat
100 _aWatanabe, Hidetoshi
245 _aVitality of East Asian Christianity
260 _bDelhi: ISPCK
_c2004
650 _aChristian Theology
942 _2ddc
_cBK
998 _cbat
_e2011-05-20
999 _c9202
_d9202